ゴールデングラブ賞経験のある現役選手(2026) - Statistics

General Stats
  • This quiz has been taken 62 times
    45 since last reset
  • The average score is 59 of 64
Answer Stats
現所属 初受賞 選手名 % Correct
阪神 捕手部門(2023) 坂本誠志郎
100%
阪神 一塁手部門(2023) 大山悠輔
100%
阪神 二塁手部門(2023) 中野拓夢
100%
阪神 遊撃手部門(2023) 木浪聖也
100%
阪神 三塁手部門(2025) 佐藤輝明
100%
巨人 投手部門(2011) 田中将大
100%
巨人 遊撃手部門(2016) 坂本勇人
100%
巨人 二塁手部門(2024) 吉川尚輝
100%
中日 投手部門(2021) 柳裕也
100%
広島 二塁手部門(2013) 菊池涼介
100%
阪神 捕手部門(2018) 梅野隆太郎
97%
阪神 外野手部門(2021) 近本光司
97%
巨人 遊撃手部門(2025) 泉口友汰
97%
中日 外野手部門(2011) 大島洋平
97%
中日 外野手部門(2022) 岡林勇希
97%
ヤクルト 捕手部門(2015) 中村悠平
97%
ソフトバンク 外野手部門(2014) 柳田悠岐
97%
ソフトバンク 一塁手部門(2020) 中村晃
97%
ソフトバンク 一塁手部門(2024) 山川穂高
97%
日本ハム 投手部門(2025) 伊藤大海
97%
楽天 一塁手部門(2013) 浅村栄斗
97%
楽天 捕手部門(2014) 伊藤光
97%
ロッテ 二塁手部門(2018) 中村奨吾
97%
阪神 外野手部門(2025) 森下翔太
94%
DeNA 投手部門(2023) 東克樹
94%
巨人 捕手部門(2017) 甲斐拓也
94%
中日 三塁手部門(2019) 高橋周平
94%
広島 投手部門(2022) 森下暢仁
94%
広島 遊撃手部門(2024) 矢野雅哉
94%
ヤクルト 投手部門(2008) 石川雅規
94%
ヤクルト 遊撃手部門(2022) 長岡秀樹
94%
ヤクルト 外野手部門(2022) 塩見泰隆
94%
ソフトバンク 遊撃手部門(2013) 今宮健太
94%
ソフトバンク 投手部門(2024) モイネロ
94%
ソフトバンク 捕手部門(2024) 山本祐大
94%
ソフトバンク 二塁手部門(2025) 牧原大成
94%
オリックス 三塁手部門(2021) 宗佑磨
94%
オリックス 捕手部門(2023) 若月健矢
94%
オリックス 遊撃手部門(2025) 紅林弘太郎
94%
楽天 二塁手部門(2024) 小深田大翔
94%
西武 一塁手部門(2025) ネビン
94%
巨人 外野手部門(2013) 丸佳浩
92%
巨人 捕手部門(2017) 小林誠司
92%
中日 投手部門(2009) 涌井秀章
92%
ソフトバンク 外野手部門(2023) 近藤健介
92%
日本ハム 外野手部門(2023) 万波中正
92%
阪神 投手部門(2019) 西勇輝
89%
DeNA 三塁手部門(2018) 宮﨑敏郎
89%
ソフトバンク 外野手部門(2024) 周東佑京
89%
日本ハム 外野手部門(2017) 西川遥輝
89%
楽天 投手部門(2018) 岸孝之
89%
楽天 三塁手部門(2025) 村林一輝
89%
西武 外野手部門(2010) 栗山巧
89%
西武 捕手部門(2012) 炭谷銀仁朗
89%
西武 遊撃手部門(2018) 源田壮亮
89%
西武 外野手部門(2025) 西川愛也
89%
広島 外野手部門(2013) 秋山翔吾
86%
楽天 外野手部門(2021) 辰己涼介
86%
楽天 投手部門(2010) 前田健太
83%
西武 二塁手部門(2020) 外崎修汰
83%
DeNA 一塁手部門(2020) ビシエド
78%
西武 外野手部門(2017) 桑原将志
75%
楽天 二塁手部門(2017) 鈴木大地
69%
ロッテ 外野手部門(2022) 髙部瑛斗
67%
No matching quizzes found
Score Distribution
Percent of People with Each Score
Percentile by Number Answered
Your Score History
You have not taken this quiz since the last reset